Inaplicabilidad por inconstitucionalidad Jurisprudencia 1980-2005 /

Bibliographic Details
Main Author: Saenger Gianoni, Fernando
Other Authors: Bruna Contreras, Guillermo
Format: eBook
Language:Spanish
Published: [Chile] : Editorial jurd̕ica de Chile, 2006.
Subjects:
Online Access:Acceso restringido

MARC

LEADER 00000nam a22000007a 4500
005 20110907093143.0
008 110907t2006 cl ||||s|||| 00| 0 spa d
020 |a 956-7943-32-X 
035 |a 5231 
040 |a vLex 
090 |c 2397  |d 2397 
100 1 |a Saenger Gianoni, Fernando 
245 1 0 |a Inaplicabilidad por inconstitucionalidad  |h [Recurso electrn̤ico] :  |b Jurisprudencia 1980-2005 /  |c Fernando Saenger Gianoni; Guillermo Bruna Contreras  
256 |a Servicio en ln̕ea. 
260 |a [Chile] :  |b Editorial jurd̕ica de Chile,  |c 2006. 
300 |a 1 recurso electrn̤ico 
506 1 |a Contenido solo disponible en los productos indicados  |d vLex Global  |d vLex Global (Academic Edition, excluding Law Schools)  |d vLex Global (U.S. Academic Edition, Law Schools)  |d vLex Global (U.S. Academic Edition, excluding Law Schools)  |d vLex Global (Academic Edition, Law Schools) 
650 0 4 |a Derecho constitucional  |z Chile 
700 1 |a Bruna Contreras, Guillermo 
740 0 |a vLex Libros (Servicio en ln̕ea) 
856 4 0 |u http://vlex.com/source/inaplicabilidad-inconstitucionalidad-5231  |z Acceso restringido 
942 |c BOOK